Diffusion, quantum theory, and radically elementary mathematics. / (Record no. 28973)

000 -LEADER
fixed length control field 00604 a2200181 4500
003 - CONTROL NUMBER IDENTIFIER
control field NUST
005 - DATE AND TIME OF LATEST TRANSACTION
control field 20180118153906.0
008 - FIXED-LENGTH DATA ELEMENTS--GENERAL INFORMATION
fixed length control field 180118b xxu||||| |||| 00| 0 eng d
020 ## - INTERNATIONAL STANDARD BOOK NUMBER
International Standard Book Number 0691125457
020 ## - INTERNATIONAL STANDARD BOOK NUMBER
International Standard Book Number 9780691125459
082 04 - DEWEY DECIMAL CLASSIFICATION NUMBER
Classification number 530.15
100 ## - MAIN ENTRY--PERSONAL NAME
Personal name Faris, William G.
9 (RLIN) 8879
245 10 - TITLE STATEMENT
Title Diffusion, quantum theory, and radically elementary mathematics. /
Statement of responsibility, etc. William G. Faris.
260 ## - PUBLICATION, DISTRIBUTION, ETC.
Place of publication, distribution, etc. [S.l.] :
Name of publisher, distributor, etc. Princeton University Press,
Date of publication, distribution, etc. 2006.
300 ## - PHYSICAL DESCRIPTION
Extent 254 p. ;
Dimensions 24 cm.
490 1# - SERIES STATEMENT
Series statement Mn-47: (mathematical notes (princeton university press)
700 1# - ADDED ENTRY--PERSONAL NAME
Personal name Faris, William G.
9 (RLIN) 8879
830 #0 - SERIES ADDED ENTRY--UNIFORM TITLE
Uniform title Mn-47: (mathematical notes (princeton university press)
9 (RLIN) 8880
942 ## - ADDED ENTRY ELEMENTS (KOHA)
Institution code [OBSOLETE] SNS
Koha item type Book
Call number prefix 530.15 FAR
Source of classification or shelving scheme
Holdings
Withdrawn status Lost status Damaged status Not for loan Permanent Location Current Location Date acquired Total Checkouts Full call number Barcode Date last seen Price effective from Koha item type
        School of Natural Sciences (SNS) School of Natural Sciences (SNS) 05/26/2016   530.15 FAR SNS0000257 05/26/2016 05/26/2016 Book
        School of Natural Sciences (SNS) School of Natural Sciences (SNS) 05/26/2016   530.15 FAR SNS0001392 05/26/2016 05/26/2016 Book
© 2023 Central Library, National University of Sciences and Technology. All Rights Reserved.